| 000 | 00842nam a22002537a 4500 | ||
|---|---|---|---|
| 999 |
_c12658 _d12658 |
||
| 003 | Zeynep Atikkan | ||
| 005 | 20211214000606.0 | ||
| 008 | 190204b tu ||||| |||| 00| 0 tur d | ||
| 020 | _a9750811291 | ||
| 040 |
_aTR-AnCHP _cTR-AnCHP |
||
| 041 | _atur | ||
| 082 |
_a303.6250973 _bA75o 2006 |
||
| 100 | _aAtikkan, Zeynep | ||
| 245 |
_a11 Eylül Amerika’yı nasıl değiştirdi? : _bAmerikan cinneti / _cZeynep Atikkan. |
||
| 246 | _aAmerikan cinneti | ||
| 260 |
_aİstanbul : _bYapı Kredi, _c2006 |
||
| 300 |
_a493 s. ; _c21 sm. |
||
| 440 |
_aYapı Kredi Yayınları - _pCogito ; _v2385. _v147. |
||
| 650 | 0 |
_aTerörizm _9851 _xAmerika Birleşik Devletleri (ABD) |
|
| 650 | 0 |
_aSiyaset ve yönetim _xTürkiye _99 |
|
| 650 | 0 |
_aAmerika Birleşik Devletleri (ABD) _95108 _x11 Eylül saldırıları |
|
| 910 | _a19325 | ||
| 942 |
_2ddc _cBKS |
||